000
00242nam a2200109Ia 4500
999
_c
9769
_d
9769
020
_a
978-81-317-9540-8
100
_a
Frank Wood and Alan
245
0
_a
Business Accounting 2
260
_a
Canada
_b
Pearson
_c
2003
300
_a
951
942
_c
BK